| 000 | 02827cam a2200457 a 4500 | ||
|---|---|---|---|
| 001 | 14484356 | ||
| 003 | OSt | ||
| 005 | 20140310181720.0 | ||
| 008 | 060807s2007 nyuabf b 001 0deng | ||
| 010 | _a 2006048644 | ||
| 020 | _a9781400061273 (alk. paper) | ||
| 020 | _a140006127X (alk. paper) | ||
| 020 | _a9781400061273 | ||
| 035 | _a(OCoLC)ocm71210290 | ||
| 040 |
_aDLC _cDLC _dBAKER _dIEF _dC#P _dYDXCP _dBUR _dOCLCA _dDLC |
||
| 043 |
_an-us--- _aa-cc--- |
||
| 050 | 0 | 0 |
_aE 183.8 _b.M167 2007 |
| 082 | 0 | 0 |
_aIB 327.730 _bM22 2007 |
| 100 | 1 |
_aMacMillan, Margaret, _d1943- |
|
| 245 | 1 | 0 |
_aNixon and Mao : _bthe week that changed the world / _cMargaret MacMillan. |
| 250 | _a1st ed. | ||
| 260 |
_aNew York : _bRandom House, _cc2007. |
||
| 300 |
_axxii, 404 p. : _bill. ; _c24 cm. |
||
| 504 | _aIncludes bibliographical references (p. [375]-386) and index. | ||
| 520 | _a"This book looks at one of the transformative moments of the twentieth century: In February 1972, Richard Nixon, the first American president ever to visit China, and Mao Tse-tung, the enigmatic Communist dictator, met for an hour in Beijing. Their meeting changed the course of history and ultimately laid the groundwork for today's complex relationship between the countries. That monumental meeting--during what Nixon called "the week that changed the world"--could have been brought about only by powerful leaders: Nixon, a great strategist and a flawed human being, and Mao, willful and ruthless; assisted by two brilliant and complex statesmen, Henry Kissinger and Chou En-lai. And behind them lay the complex history of two great and equally confident civilizations: China, ancient and contemptuous yet fearful of barbarians beyond the Middle Kingdom, and the United States, forward-looking and confident, seeing itself as the beacon for the world.--From publisher description."--From source other than the Library of Congress | ||
| 562 | _e1 | ||
| 600 | 1 | 0 |
_aNixon, Richard M. _q(Richard Milhous), _d1913-1994. |
| 600 | 1 | 0 |
_aMao, Zedong, _d1893-1976. |
| 650 | 0 |
_aVisits of state _zChina. |
|
| 651 | 0 |
_aUnited States _xForeign relations _zChina. |
|
| 651 | 0 |
_aChina _xForeign relations _zUnited States. |
|
| 651 | 0 |
_aUnited States _xForeign relations _y1969-1974. |
|
| 651 | 0 |
_aChina _xForeign relations _y1949-1976. |
|
| 856 | 4 | 2 |
_3Publisher description _uhttp://www.loc.gov/catdir/enhancements/fy0703/2006048644-d.html |
| 856 | 4 | 2 |
_3Contributor biographical information _uhttp://www.loc.gov/catdir/enhancements/fy0707/2006048644-b.html |
| 856 | 4 | 1 |
_3Sample text _uhttp://www.loc.gov/catdir/enhancements/fy0707/2006048644-s.html |
| 906 |
_a7 _bcbc _corignew _d1 _eocip _f20 _gy-gencatlg |
||
| 942 |
_2lcc _cBK |
||
| 999 |
_c1966 _d1966 |
||